| 000 | 02448nas a22003855i 4500 | ||
|---|---|---|---|
| 001 | 3091-549X | ||
| 003 | DE-He213 | ||
| 005 | 20260304140721.0 | ||
| 007 | cr nn 008mamaa | ||
| 008 | 251015s||||||||xxkuu poo|||||| b|EN |d | ||
| 022 | _a3091-549X | ||
| 024 | 7 |
_a44553 _2local |
|
| 210 | 1 | 0 | _anpj Fluid Dyn. |
| 245 | 1 | 0 |
_anpj Fluid Dynamics _h[electronic resource] / _cedited by Juan Low. |
| 264 | 1 |
_aLondon : _bNature Publishing Group UK : _bImprint: Nature Portfolio. |
|
| 300 | _bonline resource. | ||
| 520 | _aThe journal aims to provide a selective, high-quality open access platform for the publication of fundamental, applied and computational research in Fluid Dynamics. It will publish rigorous, high-impact studies that advance the understanding of fluid flow phenomena across scales and applications act as a central hub for interdisciplinary research, connecting physics, engineering, applied mathematics, materials, climate science and biomedical applications contribute to real-world challenges including sustainable energy, climate modelling, aerospace innovation and advanced manufacturing The topics covered will include (but not limited to): - Theoretical, experimental and computational fluid mechanics (including CFD and multiscale modelling) - Turbulence, stability and transition phenomena- Multiphase and complex flows - Microfluidics and nanofluidics- Compressible, reactive and high-speed flows- Aerodynamics and hydrodynamics across engineering applications- Geophysical and climate-related flows- Biomedical and physiological fluid dynamics- Flow–structure interactions and fluid-thermal coupling- Data-driven and AI-enhanced approaches in fluid dynamics. | ||
| 650 | 0 |
_aFluid mechanics. _91081 |
|
| 650 | 0 |
_aSoft condensed matter. _9461 |
|
| 650 | 0 | _aContinuum mechanics. | |
| 650 | 0 | _aMathematical physics. | |
| 650 | 0 |
_aComputer simulation. _9621 |
|
| 650 | 0 | _aProduction engineering. | |
| 650 | 0 |
_aRheology. _924202 |
|
| 650 | 1 | 4 |
_aEngineering Fluid Dynamics. _91087 |
| 650 | 2 | 4 |
_aFluids. _9468 |
| 650 | 2 | 4 | _aContinuum Mechanics. |
| 650 | 2 | 4 | _aComputational Physics and Simulations. |
| 650 | 2 | 4 |
_aThermal Process Engineering. _924203 |
| 650 | 2 | 4 |
_aRheology. _924202 |
| 700 | 1 |
_aLow, Juan. _eeditor. _4edt _4http://id.loc.gov/vocabulary/relators/edt _924204 |
|
| 710 | 2 | _aSpringerLink (Online service) | |
| 856 | 4 | 0 |
_uhttps://www.nature.com/npjfluiddyn _zOpen Access |
| 999 |
_c579942 _d579942 |
||